Caricamento...

The Cambridge atlas of astronomy /

Dettagli Bibliografici
Altri autori: Audouze, Jean, Israël, Guy
Natura: Printed Book
Lingua:English
Pubblicazione: Cambridge ; New York : Cambridge University Press, c1994.
Edizione:3rd ed.
Soggetti:
Accesso online:Publisher description
LEADER 01078cam a2200253 a 4500
008 950202s1994 enka b 001 0 eng
999 |c 46534  |d 46534 
010 |a  95112181  
020 |a 0521434386 
082 0 0 |a 520  |2 20 
245 1 4 |a The Cambridge atlas of astronomy /  |c edited by Jean Audouze and Guy Israël. 
250 |a 3rd ed. 
260 |a Cambridge ;  |a New York :  |b Cambridge University Press,  |c c1994. 
300 |a 470 p. :  |b ill. (some col.) ;  |c 37 cm. 
504 |a Includes bibliographical references (p. 445-446) and index. 
650 0 |a Astronomy  |x Charts, diagrams, etc. 
700 1 |a Audouze, Jean. 
700 1 |a Israël, Guy. 
856 4 2 |3 Publisher description  |u http://www.loc.gov/catdir/description/cam027/95112181.html 
942 |c REF 
130 0 |a Grand atlas de l'astronomie.  |l English. 
906 |a 7  |b cbc  |c orignew  |d 2  |e ncip  |f 19  |g y-gencatlg 
955 |a pb11 02-02-95 to cat.; je00 02-06-95; je07/je83 04-05-95; je10 04-11-95 
952 |0 0  |1 0  |4 0  |6 520_000000000000000_AUD_C_R  |7 0  |9 46518  |a UL  |b UL  |c CR  |d 1998-09-01  |l 0  |o 520 AUD/C R  |p 68443  |r 2012-10-27  |w 2012-10-27  |y REF